00254 a2200109 4500001000700000020000600007040001100013100002000024240004800044245004300092362000900135169844 a  cMagnum aAdrados, Isabel10aTeoria e pratica do teste de rorschachlpor10aTeoria e pratica do teste de rorschach0 a1899